[Event "Xtracon Grand Master 2014"]
[Site "Koge"]
[Date "2014.10.12"]
[Round "2.1"]
[White "Danielsen, Henrik"]
[Black "Baklan, Vladimir"]
[Result "1/2-1/2"]
[WhiteElo "2490"]
[BlackElo "2656"]
[PlyCount "21"]
[EventDate "2014.??.??"]
[WhiteClock "1:20:58"]
[BlackClock "1:07:30"]

1. e4 e6 2. d3 d5 3. Nd2 Nf6 4. Ngf3 c5 5. g3 g6 6. Bg2 Bg7 7. O-O O-O 8. Re1
Nc6 9. c3 a5 10. a4 Kh8 11. exd5 1/2-1/2

[Event "Xtracon Grand Master 2014"]
[Site "Koge"]
[Date "2014.10.12"]
[Round "2.2"]
[White "Krasenkow, Michal"]
[Black "Prohaszka, Peter"]
[Result "0-1"]
[WhiteElo "2631"]
[BlackElo "2588"]
[PlyCount "66"]
[EventDate "2014.??.??"]
[WhiteClock "0:02:56"]
[BlackClock "0:01:34"]

1. d4 d5 2. c4 c6 3. Nc3 Nf6 4. e3 a6 5. a4 Bf5 6. Qb3 b6 7. Nf3 e6 8. Be2 Be7
9. O-O O-O 10. Bd2 Ne4 11. Rfd1 Nxd2 12. Nxd2 Ra7 13. Rac1 a5 14. Bf3 Rd7 15.
Ne2 Bb4 16. Nf1 h6 17. Nfg3 Bh7 18. e4 dxe4 19. Nxe4 e5 20. dxe5 Qe7 21. N2c3
Qxe5 22. Re1 Re7 23. Re3 Qc7 24. Rce1 Nd7 25. Ng3 Ne5 26. Be4 f5 27. c5+ Kh8
28. cxb6 Qb8 29. Bf3 f4 30. Rxe5 Rxe5 31. Rxe5 Qxe5 32. Nf1 Qe1 33. Ne2 Bc5 0-1

[Event "Xtracon Grand Master 2014"]
[Site "Koge"]
[Date "2014.10.12"]
[Round "2.4"]
[White "Fier, Alexandr"]
[Black "Semcesen, Daniel"]
[Result "1-0"]
[WhiteElo "2589"]
[BlackElo "2480"]
[PlyCount "55"]
[EventDate "2014.??.??"]
[WhiteClock "1:19:54"]
[BlackClock "0:10:29"]

1. d4 d5 2. c4 dxc4 3. e3 e5 4. Bxc4 exd4 5. exd4 Bd6 6. Nf3 Nf6 7. O-O O-O 8.
h3 Nc6 9. Nc3 h6 10. Qc2 Nb4 11. Qb1 c6 12. Bxh6 gxh6 13. Qg6+ Kh8 14. Qxh6+
Nh7 15. Ne4 Be7 16. Ne5 Nd5 17. f4 Bf5 18. Ng5 Kg8 19. g4 Qb6 20. gxf5 Qxd4+
21. Rf2 Nxg5 22. fxg5 Bc5 23. f6 Qxf2+ 24. Kh1 Nxf6 25. gxf6 Qg3 26. Bd3 Rfd8
27. Qh7+ Kf8 28. Qxf7# 1-0

[Event "Xtracon Grand Master 2014"]
[Site "Asgaard Skole"]
[Date "2014.10.12"]
[Round "2.6"]
[White "Ahlander, Björn"]
[Black "Akdag, Dara Sevkan"]
[Result "1-0"]
[WhiteElo "2401"]
[BlackElo "2193"]
[PlyCount "49"]
[EventDate "2014.??.??"]
[WhiteTeam "Skakklubben Nordkalotten"]
[BlackTeam "BMS Skak"]

1. d4 Nf6 2. c4 c5 3. d5 b5 4. cxb5 a6 5. Nc3 g6 6. e4 d6 7. Nf3 Bg7 8. a4 O-O
9. Ra3 e6 10. dxe6 Bxe6 11. Be2 Re8 12. O-O Bg4 13. h3 Bc8 14. e5 dxe5 15. Qxd8
Rxd8 16. Nxe5 Ne8 17. Bf3 Ra7 18. Bf4 Be6 19. b6 Re7 20. Rd1 Rxd1+ 21. Nxd1 g5
22. Ng6 hxg6 23. Bxb8 Nf6 24. Bd6 Rd7 25. b7 1-0

[Event "Xtracon Grand Master 2014"]
[Site "Asgaard Skole"]
[Date "2014.10.12"]
[Round "2.7"]
[White "Grabow, Pouelsten Holm"]
[Black "Høi, Carsten"]
[Result "0-1"]
[WhiteElo "2124"]
[BlackElo "2395"]
[PlyCount "96"]
[EventDate "2014.??.??"]
[WhiteTeam "Skakklubben Evans"]
[BlackTeam "Brønshøj Skakforening"]

1. d4 Nf6 2. Nf3 d5 3. g3 c5 4. c3 e6 5. Bg2 Nc6 6. O-O Qb6 7. b3 Bd7 8. Bf4
Ne4 9. Ne5 cxd4 10. Nxd7 Kxd7 11. Bxe4 dxe4 12. cxd4 Rd8 13. Nc3 {(=)} Kc8 14.
Qc2 f5 15. Na4 Qa5 16. e3 Bd6 17. Bxd6 Rxd6 18. a3 Kb8 19. b4 Qd8 20. Rfc1 Ne7
21. Qe2 Nd5 22. Nc3 h5 23. Nxd5 exd5 24. Ra2 h4 25. Qb5 a6 26. Qa5 Qxa5 27.
bxa5 hxg3 28. fxg3 Rc8 29. Rxc8+ Kxc8 30. Rf2 g6 31. g4 fxg4 32. Kg2 Rc6 33.
Kg3 Rc3 34. Kxg4 Rxe3 35. Kg5 Rd3 36. Kxg6 Rxd4 37. Kf5 e3 38. Re2 Re4 39. h4
Re8 40. Kf4 d4 41. Kf3 Kd7 42. h5 Kd6 43. h6 Kd5 44. h7 Rf8+ 45. Kg3 Ke4 46.
Rh2 Rh8 47. Rh1 Kd3 48. Rd1+ Kc3 0-1

[Event "Xtracon Grand Master 2014"]
[Site "Asgaard Skole"]
[Date "2014.10.12"]
[Round "2.8"]
[White "Adan Bermudez, Sergio"]
[Black "Stojanovski, Sandi"]
[Result "1-0"]
[WhiteElo "2357"]
[BlackElo "2167"]
[PlyCount "125"]
[EventDate "2014.??.??"]
[WhiteTeam "Skakklubben K41"]
[BlackTeam "Skakklubben K41"]

1. Nf3 Nf6 2. g3 d5 3. Bg2 Nbd7 4. d4 e6 5. O-O Bd6 6. c4 c6 7. b3 Ne4 8. Nfd2
f5 9. f3 Nxd2 10. Nxd2 f4 11. e4 fxg3 12. cxd5 cxd5 13. e5 Qh4 14. Re1 Qxd4+
15. Kh1 Nxe5 16. Ne4 Qxa1 17. Nxd6+ Kf8 18. Nxc8 Qxa2 19. Nd6 Qa6 20. Rxe5 Qxd6
21. Bf4 Qc6 22. Qe2 Kf7 23. hxg3 Rhe8 24. Rh5 Kg8 25. Be5 a5 26. Qd3 h6 27. Qg6
Re7 28. Kh2 Qe8 29. Qg4 Kh7 30. Qh4 Qg6 31. g4 Rf7 32. g5 Rf5 33. f4 Rxe5 34.
fxe5 Rc8 35. gxh6 gxh6 36. Qe7+ Kh8 37. Rh3 Rg8 38. Qf6+ Qxf6 39. exf6 Rg6 40.
f7 Kg7 41. Bf3 Kf8 42. Be2 Rf6 43. Bh5 b5 44. Rg3 Rxf7 45. Bxf7 Kxf7 46. Rc3 a4
47. b4 d4 48. Rc5 a3 49. Kg3 a2 50. Rc7+ Kf6 51. Ra7 Ke5 52. Rxa2 Ke4 53. Re2+
Kd5 54. Rc2 d3 55. Rc8 Ke4 56. Kf2 Kd4 57. Rd8+ Kc3 58. Ke3 Kxb4 59. Kxd3 Kb3
60. Re8 b4 61. Rxe6 h5 62. Rh6 Kb2 63. Kc4 1-0

[Event "Xtracon Grand Master 2014"]
[Site "Asgaard Skole"]
[Date "2014.10.12"]
[Round "2.9"]
[White "Madsen, Michael Ole"]
[Black "Carstensen, Jacob"]
[Result "0-1"]
[WhiteElo "2071"]
[BlackElo "2357"]
[PlyCount "84"]
[EventDate "2014.??.??"]
[WhiteTeam "Allerød Skakklub"]
[BlackTeam "Brønshøj Skakforening"]

1. d4 Nf6 2. c4 g6 3. Nc3 Bg7 4. Nf3 O-O 5. Bf4 d6 6. e3 Nbd7 7. Be2 c6 8. O-O
a6 9. h3 b5 10. Nd2 b4 11. Nce4 Nxe4 12. Nxe4 Bb7 13. Qd2 a5 14. Rfd1 d5 15.
cxd5 cxd5 16. Ng5 Qb6 17. Rdc1 Rfc8 18. Nf3 f6 19. Bg3 Ba6 20. Rc2 Rxc2 21.
Qxc2 Rc8 22. Qd2 Bxe2 23. Qxe2 Qc6 24. Ne1 e5 25. Nd3 Qa6 26. e4 exd4 27. exd5
Ne5 28. Rd1 Nxd3 29. Rxd3 Bf8 30. d6 Kg7 31. d7 Rd8 32. Qe8 Rxe8 33. dxe8=Q
Qxd3 34. Qd7+ Kh6 35. Qf7 Bg7 36. Kh2 Qf5 37. Qc7 d3 38. Qf4+ Qxf4 39. Bxf4+ g5
40. Bd2 f5 41. a3 Bxb2 42. axb4 a4 0-1

[Event "Xtracon Grand Master 2014"]
[Site "Asgaard Skole"]
[Date "2014.10.12"]
[Round "2.10"]
[White "Percivaldi, Martin"]
[Black "Henriksen, Kasper"]
[Result "1-0"]
[WhiteElo "2324"]
[BlackElo "2055"]
[PlyCount "59"]
[EventDate "2014.??.??"]
[WhiteTeam "Hillerød Skakklub"]
[BlackTeam "Køge Skakklub"]

1. d4 f5 2. g3 Nf6 3. Bg2 g6 4. c4 Bg7 5. Nf3 O-O 6. b3 d6 7. Bb2 c6 8. O-O a5
9. Nc3 Qe8 10. Qc2 Nbd7 11. Rfe1 e5 12. dxe5 Nxe5 13. Rad1 Nf7 14. e4 fxe4 15.
Nxe4 Nxe4 16. Bxg7 Kxg7 17. Rxe4 Qd8 18. Nd4 Re8 19. Qc3 Kf8 20. Rxe8+ Qxe8 21.
Re1 Qd8 22. h4 Bd7 23. Ne6+ Bxe6 24. Rxe6 a4 25. b4 Qd7 26. Rf6 Re8 27. Kh2 Re5
28. Rf4 Re2 29. Qh8+ Ke7 30. Qxh7 1-0

[Event "Xtracon Grand Master 2014"]
[Site "Asgaard Skole"]
[Date "2014.10.12"]
[Round "2.11"]
[White "Sørensen, Dick"]
[Black "Bekker-Jensen, David"]
[Result "0-1"]
[WhiteElo "1982"]
[BlackElo "2289"]
[PlyCount "72"]
[EventDate "2014.??.??"]
[WhiteTeam "Frederiksberg Skakforening"]
[BlackTeam "Philidor"]

1. d4 Nf6 2. Nf3 g6 3. g3 Bg7 4. Bg2 O-O 5. O-O d6 6. c4 Nc6 7. Nc3 Bf5 8. e3
e5 9. a3 a5 10. b3 Qc8 11. Re1 Bg4 12. d5 Ne7 13. e4 Ne8 14. Qd3 f5 15. Bb2 Nf6
16. Nd2 f4 17. Rac1 Bh3 18. Rc2 g5 19. Nb5 Bxg2 20. Kxg2 Nd7 21. b4 {(=)} b6
22. Bc1 Rf6 23. f3 h5 24. Nb3 a4 25. Nd2 Ng6 26. Nf1 Bf8 27. Rf2 Rf7 28. Bd2
Nf6 29. Rc1 Qd7 30. Be1 fxg3 31. hxg3 h4 32. Bd2 Nh5 33. Kg1 hxg3 34. Rg2 Nhf4
35. Qe3 Nxg2 36. Qxg5 N2h4 0-1

[Event "Xtracon Grand Master 2014"]
[Site "Asgaard Skole"]
[Date "2014.10.12"]
[Round "2.12"]
[White "Brinck-Claussen, Bjørn"]
[Black "Undheim, Bjarne"]
[Result "1/2-1/2"]
[WhiteElo "2227"]
[BlackElo "1912"]
[PlyCount "83"]
[EventDate "2014.??.??"]
[WhiteTeam "Sjælsø Skakklub"]

1. d4 d5 2. c4 Nc6 3. Nc3 dxc4 4. Nf3 Bg4 5. d5 Bxf3 6. gxf3 Ne5 7. Qd4 Ng6 8.
Qxc4 a6 9. h4 Nf6 10. h5 Ne5 11. Qb3 Rb8 12. Be3 b5 13. Ba7 Rb7 14. Bc5 Nfd7
15. Be3 Nc4 16. Bd4 e5 17. dxe6 fxe6 18. h6 e5 19. hxg7 Bxg7 20. Be3 Qe7 21.
Ne4 Nxe3 22. fxe3 Nf6 23. Rh4 c5 24. O-O-O c4 25. Qc2 Rd7 26. Bh3 Rxd1+ 27.
Qxd1 O-O 28. Ng5 h6 29. Ne6 Re8 30. Qg1 c3 31. bxc3 Nd5 32. Kd2 b4 33. Rg4
bxc3+ 34. Ke1 c2 35. Kf2 Kh8 36. Nxg7 Nxe3 37. Kxe3 Qc5+ 38. Ke4 Qc4+ 39. Kf5
Qf7+ 40. Ke4 Qc4+ 41. Kf5 Qf7+ 42. Ke4 1/2-1/2

[Event "Xtracon Grand Master 2014"]
[Site "Asgaard Skole"]
[Date "2014.10.12"]
[Round "2.13"]
[White "Nielsen, Jørgen Løvgren"]
[Black "Kokholm, Daniel"]
[Result "1/2-1/2"]
[WhiteElo "2111"]
[BlackElo "1899"]
[PlyCount "39"]
[EventDate "2014.??.??"]
[WhiteTeam "Roskilde Skakklub"]
[BlackTeam "Skakklubben K41"]

1. e4 d6 2. d4 Nf6 3. Nc3 Nbd7 4. Nf3 e5 5. Bc4 Be7 6. O-O O-O 7. Bg5 h6 8. Bh4
Nh5 9. Bxe7 Qxe7 10. Nd5 Qd8 11. Nxe5 dxe5 12. Qxh5 c6 {(=)} 13. Ne3 exd4 14.
Nf5 Qf6 15. Ng3 Ne5 16. Qe2 Nxc4 17. Qxc4 b6 18. e5 Qxe5 19. Qxc6 Be6 20. Rfe1
1/2-1/2

[Event "Xtracon Grand Master 2014"]
[Site "Asgaard Skole"]
[Date "2014.10.12"]
[Round "2.14"]
[White "Hansen, Lars-Henrik Bech"]
[Black "Christensen, Casper"]
[Result "0-1"]
[WhiteElo "2001"]
[BlackElo "1988"]
[PlyCount "64"]
[EventDate "2014.??.??"]
[WhiteTeam "BMS Skak"]
[BlackTeam "BMS Skak"]

1. e4 d6 2. d4 Nf6 3. Nc3 g6 4. Be3 Bg7 5. f3 Nbd7 6. Bd3 O-O 7. Qd2 Re8 8. Bh6
Bh8 9. h4 c5 10. Nge2 a6 11. h5 Nxh5 12. Rxh5 cxd4 13. Nd1 Ne5 14. Rh1 Qb6 15.
Bf4 Nxd3+ 16. cxd3 e5 17. Bg3 f5 18. Qh6 Qa5+ 19. Qd2 Qb6 20. Bh4 Bg7 21. exf5
Bxf5 22. Ng3 Bd7 23. Ne4 d5 24. Ng5 h6 25. Nh3 e4 26. Kf1 {Ulovligt træk: 26.
0-0} Bb5 27. Nf4 Qd6 28. Bg3 g5 29. Nh5 Be5 30. f4 Rf8 31. Kg1 gxf4 32. Bh2 Rf5
0-1

[Event "Xtracon Grand Master 2014"]
[Site "Asgaard Skole"]
[Date "2014.10.12"]
[Round "2.15"]
[White "Nielsen, Viktor Haarmark"]
[Black "Andersen, Morten"]
[Result "1-0"]
[WhiteElo "2052"]
[BlackElo "2115"]
[PlyCount "113"]
[EventDate "2014.??.??"]
[WhiteTeam "Skakforeningen ØBRO"]
[BlackTeam "Skakforeningen Odysseus"]

1. e4 c5 2. Nf3 d6 3. d4 cxd4 4. Nxd4 Nf6 5. Nc3 a6 6. Be3 e6 7. Qd2 b5 8. f3
b4 9. Na4 Nbd7 10. b3 d5 11. exd5 Nxd5 12. Bc4 N7f6 13. Bg5 Qc7 14. O-O-O Be7
15. Rhe1 O-O 16. Bxd5 Nxd5 17. Bxe7 Nxe7 18. Qxb4 Nd5 19. Qc5 Qxh2 20. Kb2 Bd7
21. Rh1 Qf4 22. Nc3 Nxc3 23. Qxc3 Rfc8 24. Qd3 h6 25. Rd2 Qf6 26. Kb1 e5 27.
Ne2 Bf5 28. Qe3 a5 29. Ng3 a4 30. Nxf5 Qxf5 31. b4 Rc4 32. a3 Rac8 33. Qd3 Qxd3
34. cxd3 Rc3 35. Ka2 Rc2+ 36. Rxc2 Rxc2+ 37. Kb1 Rc3 38. Ka2 Rxd3 39. b5 Rd6
40. Rh4 Rb6 41. Rb4 Kf8 42. Kb2 Ke7 43. Kc3 Kd6 44. Kc4 f5 45. Rxa4 e4 46. fxe4
fxe4 47. Ra6 Rxa6 48. bxa6 Kc6 49. Kd4 Kb6 50. Kxe4 Kxa6 51. Kf5 g5 52. Kg6 Ka5
53. Kxh6 g4 54. Kg5 g3 55. Kg4 Ka4 56. Kxg3 Kxa3 57. Kf4 1-0

[Event "Xtracon Grand Master 2014"]
[Site "Asgaard Skole"]
[Date "2014.10.12"]
[Round "2.16"]
[White "Stuhr, Peter Sebastian"]
[Black "Nielsen, Jens Holm"]
[Result "1-0"]
[WhiteElo "1927"]
[BlackElo "1811"]
[PlyCount "81"]
[EventDate "2014.??.??"]
[WhiteTeam "Køge Skakklub"]
[BlackTeam "Amager Skakforening"]

1. c3 Nc6 2. e4 d5 3. d3 dxe4 4. dxe4 Qxd1+ 5. Kxd1 Bg4+ 6. Nf3 Ne5 7. Nbd2
O-O-O 8. Kc2 Nxf3 9. Nxf3 Bxf3 10. gxf3 e6 11. Be3 Kb8 12. Bc4 Nf6 13. Rhg1 Rg8
14. Bg5 Bd6 15. h3 h6 16. Bh4 g5 17. Bg3 Nh5 18. Bxd6 Rxd6 19. h4 Rdd8 20. hxg5
Rxg5 21. Rxg5 hxg5 22. Rh1 Nf4 23. Rh7 Rf8 24. Rg7 Nh3 25. Bf1 Nxf2 26. Rxg5 c6
27. Rh5 Rd8 28. Rh2 Nd1 29. Re2 f5 30. exf5 exf5 31. f4 c5 32. Bh3 Rd5 33. Re5
Rxe5 34. fxe5 Ne3+ 35. Kd3 Nd1 36. Bxf5 Kc7 37. b3 Kd8 38. Kd2 Nf2 39. Ke2 Nh1
40. Kf3 Ke7 41. Kg2 1-0

[Event "Xtracon Grand Master 2014"]
[Site "Asgaard Skole"]
[Date "2014.10.12"]
[Round "2.17"]
[White "Wang, Peter"]
[Black "Nielsen, John Holm"]
[Result "1/2-1/2"]
[WhiteElo "1877"]
[BlackElo "2022"]
[PlyCount "163"]
[EventDate "2014.??.??"]
[WhiteTeam "Næstved Skakklub"]
[BlackTeam "Enkeltmedlem 1 HK"]

1. e4 e5 2. Bc4 Nf6 3. Qe2 Nc6 4. c3 d6 5. Nf3 Bg4 6. d3 Be7 7. Nbd2 O-O 8. Bb3
Na5 9. Bc2 c5 10. Nf1 d5 11. h3 Bxf3 12. Qxf3 d4 13. c4 a6 14. g4 b5 15. b3 Nc6
16. Ng3 bxc4 17. bxc4 Nb4 18. Bb3 g6 19. Bh6 Re8 20. Rg1 Bf8 21. Bd2 a5 22. Ba4
Re6 23. a3 Nc6 24. Bg5 Bg7 25. Nf5 Qb6 26. Bb5 a4 27. Bh6 Bh8 28. h4 Na5 29.
Rd1 Nb3 30. h5 Ra7 31. Ng3 Bg7 32. Bg5 h6 33. Bd2 Nxd2 34. Rxd2 Nh7 35. Qd1 Ng5
36. Ke2 Nh3 37. Rh1 Nf4+ 38. Kf1 Kh7 39. Ne2 Rf6 40. Nxf4 Rxf4 41. f3 Bf6 42.
Kg2 Bg5 43. Rb2 Qa5 44. Qc1 Qc7 45. Qd1 Rf6 46. Qe2 Be3 47. Qd1 Qa5 48. Qc2 Qc3
49. Ra2 Qb3 50. Rh3 Bc1 51. Rh1 Bxa3 52. Rha1 Qxc2+ 53. Rxc2 Bb4 54. Rxa4 Rxa4
55. Bxa4 Ra6 56. Ra2 Kg7 57. hxg6 fxg6 58. Bb3 {(=)} Rxa2+ 59. Bxa2 Kf6 60. Bb3
Kg5 61. Ba4 Kf4 62. Kf2 h5 63. gxh5 gxh5 64. Bd7 Bd2 65. Bf5 Ba5 66. Bg6 Kg5
67. Bf5 Bd8 68. Kg3 Bf6 69. Bh3 h4+ 70. Kf2 Kf4 71. Bg4 Bd8 72. Be6 Ba5 73. Bg4
Bd2 74. Bf5 Kg5 75. Bh3 Bf4 76. Bd7 Bg3+ 77. Ke2 Kf4 78. Bh3 Kg5 79. Be6 Bf4
80. Bh3 Be3 81. Kf1 Kf4 82. Kg2 1/2-1/2

[Event "Xtracon Grand Master 2014"]
[Site "Asgaard Skole"]
[Date "2014.10.12"]
[Round "2.18"]
[White "Jacobsen, Mikkel Manosri"]
[Black "Nielsen, Kai Gylling"]
[Result "1-0"]
[WhiteElo "1944"]
[BlackElo "1846"]
[PlyCount "47"]
[EventDate "2014.??.??"]
[WhiteTeam "BMS Skak"]
[BlackTeam "Roskilde Skakklub"]

1. d4 Nf6 2. Nc3 d5 3. Bg5 Bf5 4. f3 e6 5. e4 dxe4 6. fxe4 Bg4 7. Bxf6 Qxf6 8.
Qxg4 Qxd4 9. Nge2 Qb4 10. O-O-O Nc6 11. Nf4 g6 12. Bb5 Bh6 13. a3 Qa5 14. Kb1
O-O 15. h4 Bg7 16. h5 Bxc3 17. hxg6 fxg6 18. Qxe6+ Rf7 19. Rxh7 Bg7 20. Rdh1
Qxb5 21. Rxg7+ Kxg7 22. Qxg6+ Kf8 23. Rh8+ Ke7 24. Qe6# 1-0

[Event "Xtracon Grand Master 2014"]
[Site "Asgaard Skole"]
[Date "2014.10.12"]
[Round "2.19"]
[White "Hansen, Verner"]
[Black "Karlsson, Ulf"]
[Result "0-1"]
[WhiteElo "1870"]
[BlackElo "2009"]
[PlyCount "56"]
[EventDate "2014.??.??"]
[WhiteTeam "Espergærde Skakklub"]

1. e4 c5 2. Nc3 Nc6 3. d3 d6 4. g3 g6 5. Bg2 Bg7 6. f4 Nf6 7. Nf3 Bg4 8. O-O
Rb8 9. Be3 Qc8 10. Ne2 h5 11. Nh4 Nd4 12. Bxd4 cxd4 13. Qd2 Qc5 14. Kh1 Bxe2
15. Qxe2 Ng4 16. Bh3 Ne3 17. Rf2 Bf6 18. Rc1 Bxh4 19. gxh4 d5 20. e5 e6 21. Rf3
Rc8 22. c3 Kd7 23. Rg1 Ng4 24. Rc1 Qa5 25. Rff1 dxc3 26. bxc3 Rxc3 27. Rb1 b6
28. d4 Rxh3 0-1

[Event "Xtracon Grand Master 2014"]
[Site "Asgaard Skole"]
[Date "2014.10.12"]
[Round "2.20"]
[White "Bojesen, Villads Ussing"]
[Black "Pondal, Jesper"]
[Result "1/2-1/2"]
[WhiteElo "1838"]
[BlackElo "1960"]
[PlyCount "164"]
[EventDate "2014.??.??"]
[WhiteTeam "Skakforeningen ØBRO"]
[BlackTeam "Køge Skakklub"]

1. e4 c5 2. d4 cxd4 3. c3 dxc3 4. Nxc3 Nc6 5. Nf3 a6 6. Bc4 e6 7. a4 Be7 8. Bf4
d6 9. Qe2 Nf6 10. Rd1 Qc7 11. O-O O-O 12. Rd2 Ne8 13. Rc1 Qa5 14. Rcd1 Kh8 15.
Be3 Qh5 16. Nd4 Qxe2 17. Ncxe2 Nxd4 18. Bxd4 Bd7 19. Nc3 Rc8 20. Bb3 f5 21.
exf5 Rxf5 22. Re2 Nc7 23. Bb6 d5 24. Bxc7 Rxc7 25. Nxd5 Rxd5 26. Bxd5 Bxa4 27.
b3 Bb5 28. Rxe6 Bf6 29. Bc4 Bxc4 30. bxc4 h6 31. Rb6 Rxc4 32. Rxb7 a5 33. Ra7
Ra4 34. Kf1 Ra2 35. Rad7 Bc3 36. Rc7 Bf6 37. Rdc1 a4 38. R7c2 Ra3 39. Ke2 Rb3
40. Ra2 a3 41. Rc8+ Kh7 42. Ra8 Bb2 43. Kd2 Kg6 44. Kc2 Rc3+ 45. Kd2 Rb3 46.
Rc8 Kf5 {(=)} 47. Rc4 Ke6 48. Kc2 Rb5 49. Ra4 Re5 50. Kd2 Rf5 51. f3 Rd5+ 52.
Ke2 Re5+ 53. Kf2 Rc5 54. R4xa3 Bxa3 55. Rxa3 Rc2+ 56. Kg3 Rc7 57. Ra5 Kf6 58.
Ra6+ Kf7 59. Kg4 Rc4+ 60. Kg3 Rc7 61. h4 Rb7 62. h5 Rc7 63. Kg4 Rb7 64. f4 Rc7
65. Kh4 Rb7 66. Ra3 Rc7 67. g4 Rb7 68. Ra6 Rc7 69. g5 hxg5+ 70. Kxg5 Rc5+ 71.
f5 Rc7 72. h6 gxh6+ 73. Rxh6 Rc1 74. Rh7+ Kg8 75. Ra7 Rc8 76. Kg6 Kf8 77. Rh7
Kg8 78. f6 Rc6 79. Ra7 Rc8 80. Rg7+ Kf8 81. f7 Rc6+ 82. Kh7 Rf6 1/2-1/2

[Event "Xtracon Grand Master 2014"]
[Site "Asgaard Skole"]
[Date "2014.10.12"]
[Round "2.21"]
[White "Andersen, Daniel"]
[Black "Anghel, Mihai Ursta"]
[Result "0-1"]
[WhiteElo "1957"]
[BlackElo "1835"]
[PlyCount "60"]
[EventDate "2014.??.??"]
[WhiteTeam "Frederikssund Skakklub"]
[BlackTeam "Haslev Skakklub"]

1. c4 c5 2. Nc3 Nf6 3. Nf3 d5 4. cxd5 Nxd5 5. Qa4+ Bd7 6. Qb3 Bc6 7. Ne5 e6 8.
Nxc6 Nxc6 9. Nxd5 exd5 10. g3 Nd4 11. Qa4+ b5 12. Qd1 Qd7 13. Bg2 Be7 14. O-O
O-O 15. e3 Ne6 16. Rb1 a5 17. Qf3 Rfd8 18. d3 Rac8 19. Bd2 b4 20. Rfd1 Bf6 21.
e4 dxe4 22. dxe4 Qa7 23. a3 c4 24. axb4 axb4 25. b3 cxb3 26. e5 Bxe5 27. Qe4
Bd4 28. Be1 Qa3 29. Bh3 Ng5 30. Qh4 Nf3+ 0-1

[Event "Xtracon Grand Master 2014"]
[Site "Asgaard Skole"]
[Date "2014.10.12"]
[Round "2.22"]
[White "Larsen, Preben R"]
[Black "Møller, Arne Vagn"]
[Result "1/2-1/2"]
[WhiteElo "1800"]
[BlackElo "1871"]
[PlyCount "117"]
[EventDate "2014.??.??"]
[WhiteTeam "Roskilde Skakklub"]
[BlackTeam "Amager Skakforening"]

1. c4 Nf6 2. Nc3 e6 3. e4 d6 4. d4 Be7 5. Nf3 O-O 6. Bg5 a6 7. e5 Nfd7 8. Bxe7
Qxe7 9. exd6 cxd6 10. Be2 b5 11. cxb5 axb5 12. Nxb5 Na6 13. a3 Bb7 14. O-O Rab8
15. a4 Nf6 16. Qd2 Ne4 17. Qe3 f5 18. Qa3 Bd5 19. Nc3 Nb4 20. Nxd5 Nxd5 21.
Rfd1 Rf6 22. Bf1 Rg6 23. Ne5 dxe5 24. Qxe7 Nxe7 25. Bb5 Nd6 26. dxe5 Nxb5 27.
axb5 Nd5 28. Rdc1 h5 29. Kf1 Rxb5 30. Ra8+ Kh7 31. Rcc8 Kh6 32. Rh8+ Kg5 33.
Rab8 Rxb8 34. Rxb8 f4 35. b4 Kf5 36. b5 Kxe5 37. Rd8 Ke4 38. Rd6 Ke5 39. Rd7
Rg5 40. g3 f3 41. h3 g6 42. Rb7 Kd6 43. Ra7 Kc5 44. Rf7 Rf5 45. Rg7 g5 46. h4
g4 47. Rb7 Nb6 48. Re7 Re5 49. Rc7+ Kxb5 50. Rc2 Nc4 51. Kg1 Kb4 52. Rc1 Nd2
53. Rc8 Re1+ 54. Kh2 Nf1+ 55. Kg1 Nxg3+ 56. Kh2 Nf1+ 57. Kg1 Ne3+ 58. Kh2 Nf5
59. Rc4+ 1/2-1/2

[Event "Xtracon Grand Master 2014"]
[Site "Asgaard Skole"]
[Date "2014.10.12"]
[Round "2.23"]
[White "Schmidt, Horst Hubert"]
[Black "Jørgensen, Alexander Torp"]
[Result "0-1"]
[WhiteElo "1764"]
[BlackElo "1882"]
[PlyCount "86"]
[EventDate "2014.??.??"]
[WhiteTeam "Brønshøj Skakforening"]
[BlackTeam "Næstved Skakklub"]

1. d4 Nf6 2. Nf3 g6 3. e3 Bg7 4. Be2 O-O 5. c4 d5 6. Nc3 b6 7. O-O Bb7 8. Bd2
e6 9. Rc1 Ne4 10. cxd5 Nxd2 11. Qxd2 exd5 12. b4 a5 13. a3 Qe7 14. Qb2 Nd7 15.
Nd2 f5 16. Bf3 Nf6 17. Qb3 Rfd8 18. Rfd1 Kh8 19. b5 Bf8 20. a4 Ne4 21. Qc2 Qg5
22. Nf1 Bb4 23. Ne2 Bd6 24. Nfg3 h5 25. Bxe4 fxe4 26. Qd2 Rd7 27. Nf4 Rf7 28.
Nh3 Qf6 29. Qe2 h4 30. Nf1 Bc8 31. Rc2 Bxh3 32. gxh3 Qe7 33. Qg4 Rf5 34. Kh1
Kg7 35. Rdd2 Rf3 36. Re2 Raf8 37. Qg2 R8f5 38. Nd2 Rg5 39. Qf1 Qe6 40. Nxf3
exf3 41. Qc1 Qxh3 42. Rxc7+ Bxc7 43. Qxc7+ Kh6 0-1

[Event "Xtracon Grand Master 2014"]
[Site "Asgaard Skole"]
[Date "2014.10.12"]
[Round "2.24"]
[White "Larsen, Arne Walther"]
[Black "Tolba, Henri"]
[Result "0-1"]
[WhiteElo "1894"]
[BlackElo "1698"]
[PlyCount "56"]
[EventDate "2014.??.??"]
[WhiteTeam "Hvidovre Skakklub"]
[BlackTeam "Hvidovre Skakklub"]

1. c4 Nf6 2. g3 e5 3. Nc3 Nc6 4. Bg2 Bb4 5. a3 Bxc3 6. bxc3 O-O 7. d3 d6 8. e4
h6 9. Ne2 Nh7 10. O-O f5 11. f4 fxe4 12. Bxe4 Nf6 13. Bg2 Rb8 14. h3 Bd7 15.
Kh2 Qe8 16. Ng1 Qg6 17. Qf3 Nh5 18. Ne2 Ne7 19. g4 Nxf4 20. Nxf4 exf4 21. Bxf4
Bc6 22. Qe3 Bxg2 23. Kxg2 Nc6 24. Qg3 Rbe8 25. Rae1 Rxe1 26. Rxe1 Qf6 27. Rf1
Qxc3 28. c5 Qxc5 0-1

[Event "Xtracon Grand Master 2014"]
[Site "Asgaard Skole"]
[Date "2014.10.12"]
[Round "2.25"]
[White "Singh, Karamtej"]
[Black "Hein, Jacob"]
[Result "1-0"]
[WhiteElo "1827"]
[BlackElo "1445"]
[PlyCount "66"]
[EventDate "2014.??.??"]
[WhiteTeam "Skakklubben K41"]
[BlackTeam "Espergærde Skakklub"]

1. e4 Nf6 2. e5 Nd5 3. c4 Nb6 4. d4 d6 5. f4 dxe5 6. fxe5 e6 7. Nf3 c5 8. Bg5
Qd7 9. Nc3 cxd4 10. Qxd4 Nc6 11. Qe4 Bb4 12. Rd1 Qc7 13. Bd2 Bxc3 14. Bxc3 Bd7
15. b3 a5 16. a3 Ne7 17. Be2 Ng6 18. O-O O-O 19. Bd4 Rad8 20. Qe3 Nc8 21. Bc5
Rfe8 22. Kh1 Nce7 23. Bd6 Nf5 {(=)} 24. Qa7 Nxd6 25. exd6 Qc6 26. Qxa5 Ra8 27.
Qb4 Nf4 28. Rd2 Nxe2 29. Rxe2 Ra6 30. Ne5 Qxd6 31. Qxb7 Bc6 32. Qxf7+ Kh8 33.
Nxc6 Qxc6 1-0

[Event "Xtracon Grand Master 2014"]
[Site "Asgaard Skole"]
[Date "2014.10.12"]
[Round "2.26"]
[White "Petersen, Rasmus"]
[Black "Severinsen, Frank"]
[Result "1-0"]
[WhiteElo "1627"]
[BlackElo "1792"]
[PlyCount "113"]
[EventDate "2014.??.??"]
[WhiteTeam "Helsinge Skakklub"]
[BlackTeam "Skakklubben K41"]

1. d4 f5 2. c4 Nf6 3. Nc3 g6 4. Nf3 Bg7 5. g3 O-O 6. Bg2 d6 7. O-O Qe8 8. b3 h6
9. Bb2 g5 10. d5 Qh5 11. Nd4 f4 12. e4 Bg4 13. f3 fxg3 14. hxg3 Bh3 15. Qe2 Ng4
16. Nc2 Bxg2 17. Qxg2 Nf6 18. Nb5 Nbd7 19. Nxc7 Rac8 20. Ne6 Rf7 21. Ne3 Nc5
22. Nf5 Bh8 23. Nxc5 Rxc5 24. Qh2 Kh7 25. Bd4 Ra5 26. Qxh5 Nxh5 27. Kg2 Bf6 28.
a4 Bxd4 29. Nxd4 Rc5 30. Ne6 Rc8 31. Rh1 Ng7 32. Nxg5+ Kg6 33. Nxf7 Kxf7 34.
Rxh6 Rg8 35. Rah1 Ne8 36. Rh7+ Kf8 37. Rh8 Nf6 38. Rxg8+ Kxg8 39. g4 Kg7 40.
Re1 Nd7 41. f4 Nc5 42. Re3 Kf6 43. a5 a6 44. b4 Nd7 45. Kf3 Kg6 46. e5 dxe5 47.
fxe5 Kg5 48. c5 Kg6 49. c6 bxc6 50. dxc6 Nf8 51. c7 Ne6 52. c8=Q Ng5+ 53. Kg2
Kg7 54. Qf5 Nf7 55. Rh3 Kf8 56. Rh8+ Kg7 57. Qh7# 1-0